Central Library OPAC University of Rajshahi

DARE, information management system : (Record no. 35185)

MARC details
000 -LEADER
fixed length control field 00887cam a2200277 i 4500
001 - CONTROL NUMBER
control field 35185
003 - CONTROL NUMBER IDENTIFIER
rucl marc code BD-RjUL
005 - DATE AND TIME OF LATEST TRANSACTION
control field 20211209052256.0
008 - FIXED-LENGTH DATA ELEMENTS--GENERAL INFORMATION
fixed length control field 780213s1975 fr a i000 0 eng
020 ## - INTERNATIONAL STANDARD BOOK NUMBER
International Standard Book Number 9231012568
035 ## - SYSTEM CONTROL NUMBER
System control number (BD-RjUL)35279
040 ## - CATALOGING SOURCE
Original cataloging agency DLC
Transcribing agency DLC
Modifying agency DLC
-- BD-RjUL
Language of cataloging eng
041 ## - LANGUAGE CODE
Language code of text/sound track or separate title eng
082 00 - DEWEY DECIMAL CLASSIFICATION NUMBER
Classification number 029.93
110 2# - MAIN ENTRY--CORPORATE NAME
Corporate name or jurisdiction name as entry element Unesco.
9 (RLIN) 107352
245 10 - TITLE STATEMENT
Title DARE, information management system :
Remainder of title a condensed system description, computer design, version 2 /
Statement of responsibility, etc. Unesco.
260 ## - PUBLICATION, DISTRIBUTION, ETC. (IMPRINT)
Place of publication, distribution, etc. Paris :
Name of publisher, distributor, etc. Unesco,
Date of publication, distribution, etc. c1975.
300 ## - PHYSICAL DESCRIPTION
Pagination 23 p. :
Illustrations ill. ;
Size 28 cm.
490 1# - SERIES STATEMENT
Series statement Reports and papers in the social sciences ; no 31
650 #0 - SUBJECT ADDED ENTRY--TOPICAL TERM
Topical term or geographic name as entry element DARE (Information retrieval system)
9 (RLIN) 107182
830 #0 - SERIES ADDED ENTRY--UNIFORM TITLE
Volume number/sequential designation no. 31.
Uniform title Reports and papers in the social sciences ; no 31
942 ## - ADDED ENTRY ELEMENTS (KOHA)
Source of classification or shelving scheme Dewey Decimal Classification
Koha item type Documents
Holdings
Lost status Source of classification or shelving scheme Damaged status Not for loan Collection code Permanent Location Current Location Shelving location Date acquired Source of acquisition Cost, normal purchase price Total Checkouts Full call number Date last seen Copy number Koha item type
  Dewey Decimal Classification   Not For Loan Non-fiction Central Library, University of Rajshahi Central Library, University of Rajshahi Documentation Section 23/08/1987 Unesco 0.00   DOC 029.93 UND 1975 22/05/2014 C-1 Documents